[Event "Rhein Main op-A 19th"]
[Site "Bad Homburg"]
[Date "2016.05.28"]
[Round "6"]
[White "Marchese, Gaspare"]
[Black "Euler, Stephan"]
[Result "1/2-1/2"]
[WhiteElo "1940"]
[BlackElo "2062"]
[PlyCount "74"]
[EventDate "2016.05.25"]
[EventType "swiss"]
[EventRounds "7"]
[EventCountry "GER"]
[SourceTitle "EXT 2017"]
[Source "ChessBase"]
[SourceDate "2016.10.25"]
[SourceVersion "1"]
[SourceVersionDate "2016.10.25"]
[SourceQuality "1"]

1. e4 d5 2. exd5 Qxd5 3. Nc3 Qd6 4. d4 Nf6 5. Bc4 a6 6. Nge2 Qc6 7. Bb3 Qxg2 8. Rg1 Qh3 9. Bf4 Qd7 10. Qd2 e6 11. 0-0-0 Nc6 12. Qe3 Na5 13. d5 Nxb3+ 14. axb3 Be7 15. dxe6 Qxe6 16. Qf3 Qh3 17. Rg3 Qh5 18. Qg2 g6 19. Bg5 Ng4 20. Bxe7 Kxe7 21. Nd5+ Kf8 22. Nxc7 Rb8 23. Rd5 Qxh2 24. Rxg4 Qxc7 25. Rc4 Qe7 26. Qg3 Ra8 27. Qc3 f6 28. Rxc8+ Rxc8 29. Qxc8+ Kg7 30. Qg4 Rd8 31. Rxd8 Qxd8 32. Nc3 Qe7 33. Qd1 h5 34. Kb1 h4 35. Qf3 g5 36. Ka2 Kg6 37. Kb1 f5 1/2-1/2

[Event "Rhein Main op-A 19th"]
[Site "Bad Homburg"]
[Date "2016.05.25"]
[Round "1"]
[White "Euler, Stephan"]
[Black "Zalewski, Ulrich"]
[Result "1/2-1/2"]
[WhiteElo "2062"]
[BlackElo "1829"]
[PlyCount "68"]
[EventDate "2016.05.25"]
[EventType "swiss"]
[EventRounds "7"]
[EventCountry "GER"]
[SourceTitle "EXT 2017"]
[Source "ChessBase"]
[SourceDate "2016.10.25"]
[SourceVersion "1"]
[SourceVersionDate "2016.10.25"]
[SourceQuality "1"]

1. e4 e5 2. Nf3 Nf6 3. Nxe5 d6 4. Nf3 Nxe4 5. Nc3 Nxc3 6. dxc3 Be7 7. Bf4 Bg4 8. Be2 Nc6 9. Qd2 Qd7 10. 0-0-0 0-0-0 11. h3 Bh5 12. Rhe1 Bf6 13. g4 Bg6 14. Bb5 h6 15. Nd4 Bxd4 16. cxd4 a6 17. Ba4 b5 18. Bb3 Rhe8 19. Bd5 Rxe1 20. Rxe1 Re8 21. Rxe8+ Qxe8 22. c3 Nd8 23. Bg3 c6 24. Bg2 d5 25. Kd1 Ne6 26. Qe3 f6 27. h4 Kb7 28. Bh3 Nc7 29. Qf4 Qe7 30. b4 Bd3 31. Qxc7+ Qxc7 32. Bxc7 Kxc7 33. Kd2 Bb1 34. a3 g5 1/2-1/2

[Event "Heusenstamm Schloss op 1st"]
[Site "Heusenstamm"]
[Date "2014.11.21"]
[Round "2"]
[White "Euler, Stephan"]
[Black "Inkiov, Ventzislav"]
[Result "0-1"]
[WhiteElo "2030"]
[BlackElo "2429"]
[PlyCount "100"]
[EventDate "2014.11.20"]
[EventType "swiss"]
[EventRounds "7"]
[EventCountry "GER"]
[SourceTitle "CBM 163 Extra"]
[Source "ChessBase"]
[SourceDate "2014.12.23"]
[SourceVersion "1"]
[SourceVersionDate "2014.12.23"]
[SourceQuality "1"]

1. e4 c5 2. c3 d5 3. exd5 Qxd5 4. d4 e6 5. Nf3 Nf6 6. Be2 Nc6 7. 0-0 Be7 8. Na3 0-0 9. Nc2 Rd8 10. dxc5 Qxc5 11. Qe1 Qb6 12. Ncd4 Nxd4 13. Nxd4 e5 14. Nb3 a5 15. Be3 Qc7 16. Rd1 Nd5 17. Bd3 a4 18. Nc1 a3 19. bxa3 Nxc3 20. Rd2 Rxa3 21. Rc2 Bb4 22. Bg5 f6 23. Bd2 Be6 24. Qe3 Qd6 25. Bxc3 Rxc3 26. Rxc3 Bxc3 27. Bxh7+ Kxh7 28. Qxc3 Qd2 29. Qxd2 Rxd2 30. f3 Bc4 31. Re1 b5 32. h3 Kg6 33. Kh2 Kf5 34. Kg3 g5 35. Kh2 Ke6 36. Nb3 Rxa2 37. Nc5+ Kf5 38. Rc1 Kf4 39. Nd7 Be2 40. Kg1 f5 41. Nf6 e4 42. Nd5+ Kg3 43. fxe4 Bd3 44. Ne3 fxe4 45. Re1 b4 46. Nf5+ Kf4 47. Nd4 Rb2 48. Ne6+ Ke5 49. Nxg5 b3 50. h4 Re2 0-1

[Event "Heusenstamm Schloss op 1st"]
[Site "Heusenstamm"]
[Date "2014.11.20"]
[Round "1"]
[White "Held, Gerd"]
[Black "Euler, Stephan"]
[Result "0-1"]
[WhiteElo "1454"]
[BlackElo "2030"]
[PlyCount "36"]
[EventDate "2014.11.20"]
[EventType "swiss"]
[EventRounds "7"]
[EventCountry "GER"]
[SourceTitle "CBM 163 Extra"]
[Source "ChessBase"]
[SourceDate "2014.12.23"]
[SourceVersion "1"]
[SourceVersionDate "2014.12.23"]
[SourceQuality "1"]

1. c4 e6 2. g3 f5 3. Bg2 Nf6 4. Nf3 d5 5. cxd5 exd5 6. 0-0 Bd6 7. d3 0-0 8. b3 c6 9. Bb2 Nbd7 10. Nc3 Qe7 11. Qc2 f4 12. Nd2 Ng4 13. Nf3 fxg3 14. hxg3 Nde5 15. Nxe5 Qxe5 16. Ne4 Qh5 17. Rfd1 Qh2+ 18. Kf1 Ne3+ 0-1

[Event "Karl Mala Memorial op-A 17th"]
[Site "Frankfurt"]
[Date "2014.08.03"]
[Round "6"]
[White "Kolker, Vladislav"]
[Black "Euler, Stephan"]
[Result "0-1"]
[WhiteElo "2021"]
[BlackElo "1878"]
[PlyCount "102"]
[EventDate "2014.07.31"]
[EventType "swiss"]
[EventRounds "7"]
[EventCountry "GER"]
[SourceTitle "EXT 2015"]
[Source "ChessBase"]
[SourceDate "2014.11.20"]
[SourceVersion "1"]
[SourceVersionDate "2014.11.20"]
[SourceQuality "1"]

1. e4 d5 2. exd5 Qxd5 3. Nc3 Qd6 4. d4 Nf6 5. g3 a6 6. Bg2 Bg4 7. Nge2 Nc6 8. h3 Bxe2 9. Nxe2 0-0-0 10. c3 e5 11. Be3 Nd5 12. 0-0 f5 13. Qc2 g6 14. Bg5 Re8 15. Rad1 e4 16. c4 Ndb4 17. Qb3 Nd3 18. c5 Qd7 19. d5 Nce5 20. c6 bxc6 21. dxc6 Qxc6 22. Rd2 Bc5 23. Nf4 Qb6 24. Qc2 h6 25. Bf6 Qxf6 26. Nxd3 Nxd3 27. Rxd3 exd3 28. Qxc5 Qd6 29. Qxd6 cxd6 30. Rd1 Kd7 31. Rxd3 Rb8 32. b3 Rhc8 33. Bd5 Rc2 34. a4 Rc5 35. h4 g5 36. hxg5 hxg5 37. Kg2 a5 38. Kf3 Rb4 39. Bc4 Re5 40. Rd1 Kc6 41. Rd3 d5 42. Bb5+ Kd6 43. Bc4 Kc5 44. Bb5 d4 45. g4 f4 46. Bd7 Re1 47. Bb5 Kd5 48. Bc4+ Rxc4 49. bxc4+ Kxc4 50. Rd2 d3 51. Rb2 Kc3 0-1

[Event "Karl Mala Memorial op-A 17th"]
[Site "Frankfurt"]
[Date "2014.08.01"]
[Round "2"]
[White "Zimmermann, Hendrik"]
[Black "Euler, Stephan"]
[Result "1/2-1/2"]
[WhiteElo "2122"]
[BlackElo "1878"]
[PlyCount "120"]
[EventDate "2014.07.31"]
[EventType "swiss"]
[EventRounds "7"]
[EventCountry "GER"]
[SourceTitle "EXT 2015"]
[Source "ChessBase"]
[SourceDate "2014.11.20"]
[SourceVersion "1"]
[SourceVersionDate "2014.11.20"]
[SourceQuality "1"]

1. c4 e6 2. Nf3 f5 3. g3 Nf6 4. Bg2 d5 5. 0-0 Bd6 6. Nc3 c6 7. d3 0-0 8. e4 Bb4 9. e5 Nfd7 10. Qb3 Be7 11. d4 dxc4 12. Qxc4 Nb6 13. Qb3 Nd5 14. Bd2 Nd7 15. Nxd5 cxd5 16. Bb4 Nb8 17. Rac1 Nc6 18. Bxe7 Qxe7 19. Rc3 g5 20. Rd1 f4 21. g4 Kg7 22. Ne1 Bd7 23. Qxb7 Rab8 24. Qa6 Rb6 25. Qe2 Rfb8 26. Rd2 R8b7 27. Nf3 h6 28. Bf1 Be8 29. b3 Bg6 30. Qd1 Qb4 31. Rc1 Qa3 32. Ne1 Nb4 33. h4 Be4 34. h5 a5 35. Nc2 Nxc2 36. Rdxc2 Bxc2 37. Qxc2 Qf8 38. Qg6+ Kh8 39. Bd3 Re7 40. Rc5 a4 41. bxa4 Rb8 42. Rc6 Rbe8 43. f3 Qg7 44. Qxg7+ Kxg7 45. Bb5 Rb8 46. Kf2 Kf7 47. Ke2 Ra7 48. Rd6 Ke7 49. Kd3 Rc7 50. Rc6 Rxc6 51. Bxc6 Rb2 52. Kc3 Rxa2 53. Kb3 Ra1 54. Kb2 Rf1 55. a5 Rf2+ 56. Kb3 Rxf3+ 57. Kb2 Rf2+ 58. Kb1 Rf1+ 59. Kb2 Rf2+ 60. Kb1 Rf1+ 1/2-1/2

[Event "Karl Mala Memorial op-A 17th"]
[Site "Frankfurt"]
[Date "2014.07.31"]
[Round "1"]
[White "Euler, Stephan"]
[Black "Seifert, Norbert"]
[Result "1-0"]
[WhiteElo "1878"]
[BlackElo "2000"]
[PlyCount "79"]
[EventDate "2014.07.31"]
[EventType "swiss"]
[EventRounds "7"]
[EventCountry "GER"]
[SourceTitle "EXT 2015"]
[Source "ChessBase"]
[SourceDate "2014.11.20"]
[SourceVersion "1"]
[SourceVersionDate "2014.11.20"]
[SourceQuality "1"]

1. e4 c5 2. c3 Nf6 3. e5 Nd5 4. d4 cxd4 5. Qxd4 e6 6. Nf3 Nc6 7. Qe4 d6 8. Bc4 dxe5 9. Nxe5 Nf6 10. Qe2 Nxe5 11. Qxe5 Bd6 12. Bb5+ Ke7 13. Qe2 Qc7 14. Bg5 a6 15. Bd3 Bd7 16. Nd2 b5 17. Ne4 Bf4 18. Qg4 Bxg5 19. Qxg5 Bc6 20. Qc5+ Kd7 21. Rd1 Bd5 22. Qd4 Ke7 23. Qb4+ Kd7 24. c4 bxc4 25. Nxf6+ gxf6 26. Bxc4 Rhb8 27. Qa4+ Qc6 28. Bxd5 exd5 29. Rxd5+ Kc7 30. Qa5+ Kb7 31. 0-0 Rg8 32. Qb4+ Ka7 33. Qe7+ Kb6 34. Rfd1 Rae8 35. Qb4+ Ka7 36. g3 Rc8 37. Rd6 Qb7 38. Qd4+ Ka8 39. Rb6 Rc4 40. Qd6 1-0